|
|
|
|
| LEADER |
00000nta a2200000 i 4500 |
| 001 |
dolg19057 |
| 005 |
20181211134558.0 |
| 008 |
181211suuuu hu om 000 hun d |
| 040 |
|
|
|a BGE Dolgozattár Repozitórium
|b hun
|
| 041 |
|
|
|a hu
|
| 100 |
1 |
|
|a Hajduczky Júlia
|
| 245 |
1 |
2 |
|a A fegyelmezés szerepe a nevelésben - Régi és új paradigmák
|c Hajduczky Júlia
|h [elektronikus dokumentum]
|
| 246 |
1 |
1 |
|a A fegyelmezés szerepe a nevelésben - Régi és új paradigmák
|
| 695 |
|
|
|a fegyelmezés
|
| 695 |
|
|
|a Nevelés
|
| 700 |
1 |
|
|a Farkas Dr Julianna
|e ths
|
| 856 |
4 |
0 |
|u http://dolgozattar.uni-bge.hu/19057/1/Hajduczky%20J%C3%BAlia%20Anita_FDPDRA_2018_%C3%9Czleti%20szakoktat%C3%B3%20vend%C3%A9gl%C3%A1t%C3%B3%20levelez%C5%91.pdf
|z Dokumentum-elérés
|